Statistics for Muscles I have to know for a test

Click here to take the quiz!

General Stats

  • This quiz has been taken 5 times
  • The average score is 10 of 19

Answer Stats

HintAnswer% Correct
pelvic girdle - biggest butt muscleGluteus maximus
100%
Pelvic girdle - medium butt muscleGluteus medius
100%
Pelvic girdle - smallest butt muscleGluteus minimus
80%
Rotator cuff - Below the spine of the scapulaInfraspinatus
80%
Neck - connected to the sternum, clavicle, and mastoid processsternocleidomastoid
80%
Rotator cuff - under the scapulasubscapularis
80%
Rotator cuff - above the spine of the scapulasupraspinatus
80%
Rotator cuff - Helps hold the glenohumeral joint in placeTeres minor
80%
Back - connected on either side of the spine to straighten the backErector spinae
60%
Lower leg - Located on the back leg superficiallyGastrocnemius
60%
Face - moves the mandiblemasseter
60%
Upper leg - stretches across for lateral rotationSartorius
40%
Lower leg - Located on the back leg deepsoleus
40%
Face - where the forehead is locatedtemporalis
40%
Upper leg - located laterally from the iliac to the tibiaIliotibial tract
20%
Face - around the eyesOrbicularus oculi
0%
Face - Around the mouthOrbicularus oris
0%
Upper leg - part right above the patellarPatellar ligament
0%
Upper leg - located laterally for abduction of the legTesor faciae latae
0%

Score Distribution

Percentile by Number Answered

Percent of People with Each Score

Your Score History

You have not taken this quiz